000
00259nam a22001217a 4500
999
_c
533646
_d
533646
020
_a
978-0393338515
040
_c
dlc
082
_a
958.1047
100
_a
Seth G. Jones
_9
27600
245
_a
In the Graveyard of Empires
300
_a
430p
942
_2
ddc
_c
BK